الأوائل في حضارة الإسلام / (رقم التسجيلة. 106965)

تفاصيل مارك
000 -LEADER
fixed length control field 00673nam a22002177a 4500
005 - DATE AND TIME OF LATEST TRANSACTION
control field 20251108173550.0
008 - FIXED-LENGTH DATA ELEMENTS--GENERAL INFORMATION
fixed length control field 250721s1999 xx 000 0 ara d
082 14 - DEWEY DECIMAL CLASSIFICATION NUMBER
Classification number م/ط/956/كات
100 1# - MAIN ENTRY--PERSONAL NAME
Personal name الكاتب، سيف الدين
245 10 - TITLE STATEMENT
Title الأوائل في حضارة الإسلام /
264 1# - PRODUCTION, PUBLICATION, DISTRIBUTION, MANUFACTURE, AND COPYRIGHT NOTICE
Place of production, publication, distribution, manufacture بيروت :
Name of producer, publisher, distributor, manufacturer دار الأفاق الجديدة،
Date of production, publication, distribution, manufacture, or copyright notice 1999.
300 ## - PHYSICAL DESCRIPTION
Extent 20 ج في 1 مج.
650 17 - SUBJECT ADDED ENTRY--TOPICAL TERM
Topical term or geographic name as entry element الموسوعات
650 17 - SUBJECT ADDED ENTRY--TOPICAL TERM
Topical term or geographic name as entry element السيرة النبوية
650 17 - SUBJECT ADDED ENTRY--TOPICAL TERM
Topical term or geographic name as entry element الثقافة
650 17 - SUBJECT ADDED ENTRY--TOPICAL TERM
Topical term or geographic name as entry element الإسلام
653 ## - INDEX TERM--UNCONTROLLED
Uncontrolled term معارف عامة
653 ## - INDEX TERM--UNCONTROLLED
Uncontrolled term ناشؤون صغار (10-14) سنة
942 ## - ADDED ENTRY ELEMENTS (KOHA)
Source of classification or shelving scheme Dewey Decimal Classification
Koha item type مراجع
المقتنيات
حالة السحب حالة الفقدان مصدر التصنيف حالة التلف غير قابل للإعارة المكتبة الرئيسية المكتبة الحالية موقع الرف تاريخ التزويد الرقم المتسلسل Total Checkouts رقم الإستدعاء الباركود تاريخ آخر ظهور تاريخ الفاتورة نوع المادة (كوها)
    Dewey Decimal Classification   Not For Loan المكتبة المركزية المكتبة المركزية مقتنيات قسم التزويد 28/07/2025 1099259   م/ط/956/كات 1099259 28/07/2025 28/07/2025 مراجع
    Dewey Decimal Classification   Not For Loan المكتبة المركزية المكتبة المركزية مقتنيات قسم التزويد 28/07/2025 1099261   م/ط/956/كات 1099261 28/07/2025 28/07/2025 مراجع
    Dewey Decimal Classification     المكتبة المركزية المكتبة المركزية مقتنيات قسم التزويد 28/07/2025 1765710   م/ط/956/كات   28/07/2025 28/07/2025 مراجع
    Dewey Decimal Classification     مكتبة أبو علندا العامة مكتبة أبو علندا العامة الإعارة 28/07/2025 1099266   م/ط/956/كات 1099266 28/07/2025 28/07/2025 مراجع
    Dewey Decimal Classification     مكتبة الأميرة ايمان العامة مكتبة الأميرة ايمان العامة الإعارة 28/07/2025 1099262   م/ط/956/كات 1099262 28/07/2025 28/07/2025 مراجع
    Dewey Decimal Classification     مكتبة الحسن العامة مكتبة الحسن العامة الإعارة 28/07/2025 1099264   م/ط/956/كات 1099264 28/07/2025 28/07/2025 مراجع
    Dewey Decimal Classification     مكتبة الراية الهاشمية للأطفال مكتبة الراية الهاشمية للأطفال الأطفال 15/09/2015 295891   م/ط/956/كات PLD00347241 28/07/2025 15/09/2015 مراجع
    Dewey Decimal Classification   Not For Loan مكتبة بدر الجديدة للأطفال مكتبة بدر الجديدة للأطفال الأطفال 10/10/2015 400059   م/ط/956/كات PLD00354214 28/07/2025 10/10/2015 مراجع
    Dewey Decimal Classification   Not For Loan مكتبة بدر للأطفال مكتبة بدر للأطفال مراجع 10/08/2022 268541   م/ط/956/كات PLD00498800 28/07/2025 10/08/2022 مراجع
    Dewey Decimal Classification     مكتبة حمزة العامة مكتبة حمزة العامة الإعارة 28/07/2025 1099265   م/ط/956/كات 1099265 28/07/2025 28/07/2025 مراجع
    Dewey Decimal Classification     مكتبة صويلح العامة مكتبة صويلح العامة الإعارة 28/07/2025 1099263   م/ط/956/كات 1099263 28/07/2025 28/07/2025 مراجع
    Dewey Decimal Classification   Not For Loan مكتبةمؤتة مكتبةمؤتة الإعارة 06/07/2014 [ 615 ]   م/ط/956/كات PLD00333702 28/07/2025 06/07/2014 مراجع
Implemented & Customized by: BBB with SCIT (Smart Chains for Information Technology)

Powered by Koha